| 000 | 00973nas a2200289 4500 | ||
|---|---|---|---|
| 001 | BR2014007903 | ||
| 003 | BR-BrBNA | ||
| 005 | 20231205124926.0 | ||
| 007 | ta | ||
| 008 | 230509b bl.|||p| |||| 00| 00por d | ||
| 040 |
_aBR-BrBNA _bpor _cBiblioteca Nacional de Agricultura |
||
| 041 | _a(Pt) | ||
| 072 | _aQ70; N20 | ||
| 100 | 1 | _aPaula, M.O. de | |
| 100 | 1 | _aTinôco, I. de F.F. | |
| 100 | 1 | _aRodrigues, C. de S. | |
| 100 | 1 | _aSilva, E.N. da | |
| 100 | 1 | _aSouza, C. de F. | |
| 245 | 1 | _aPotencial da cinza do bagaço da cana-de-açúcar como material de substituição parcial de cimento Portland | |
| 650 | _aSACCHARUM OFFICINARUM | ||
| 650 | _aRESÍDUO | ||
| 650 | _aMATERIAL DE CONSTRUÇÃO | ||
| 650 | _aDESENVOLVIMENTO SUSTENTÁVEL | ||
| 773 | 0 |
_tRevista Brasileira de Engenharia Agrícola e Ambiental (Brasil) _xISSN 1415-4366 _g(May-Jun 2009), v. 13(3) p. 353-357 _wBR2014007903 |
|
| 909 |
_a202311 _bLúcia _c55 _dLúcia Elande |
||
| 942 |
_2AGRIS _n0 _cANA |
||
| 999 |
_c241650 _d241650 |
||